000 00528nam a2200205Ia 4500
005 20260429111939.0
008 260429s9999||||xx |||||||||||||| ||und||
020 _a9789354601590
041 _aEnglish
082 _a006.31
_bGOP
100 _aGopal, M.
245 0 _aApplied machine learning /
_cM. Gopal
250 _a2nd ed.
260 _aIndia :
_bMcGraw Hill,
_c2022.
300 _axx, 526 p.; pbk
650 _a Artificial intelligence
650 _a Machine learning
650 _aComputer science
942 _cTB
999 _c51564
_d51564